On social evolution: selected writings, ed and with an introduction by J.D.Y. Peel (Record no. 56534)
[ view plain ]
| 000 -LEADER | |
|---|---|
| fixed length control field | 00565 a2200181 4500 |
| 082 ## - DEWEY DECIMAL CLASSIFICATION NUMBER | |
| Classification number | 300 |
| Item number | Sp33o |
| 100 ## - MAIN ENTRY--PERSONAL NAME | |
| Personal name | Spencer, Herbert, 1820-1903 |
| 9 (RLIN) | 14945 |
| 245 ## - TITLE STATEMENT | |
| Title | On social evolution: selected writings, ed and with an introduction by J.D.Y. Peel |
| 260 ## - PUBLICATION, DISTRIBUTION, ETC. | |
| Place of publication, distribution, etc. | Chicago |
| Name of publisher, distributor, etc. | University of Chicago Press |
| Date of publication, distribution, etc. | 1972 |
| 300 ## - PHYSICAL DESCRIPTION | |
| Extent | Li, 270p. |
| 504 ## - BIBLIOGRAPHY, ETC. NOTE | |
| Bibliography, etc. note | Bibliography: p.265-266 |
| 650 ## - SUBJECT ADDED ENTRY--TOPICAL TERM | |
| Topical term or geographic name entry element | Sociology |
| 650 ## - SUBJECT ADDED ENTRY--TOPICAL TERM | |
| Topical term or geographic name entry element | Political Institution |
| 9 (RLIN) | 14946 |
| 650 ## - SUBJECT ADDED ENTRY--TOPICAL TERM | |
| Topical term or geographic name entry element | Industrial society |
| 9 (RLIN) | 14947 |
| 650 ## - SUBJECT ADDED ENTRY--TOPICAL TERM | |
| Topical term or geographic name entry element | Social evolution |
| 9 (RLIN) | 1576 |
| 653 ## - INDEX TERM--UNCONTROLLED | |
| Uncontrolled term | Social science |
| 942 ## - ADDED ENTRY ELEMENTS (KOHA) | |
| Source of classification or shelving scheme | Dewey Decimal Classification |
| Koha item type | General Collections |
| Withdrawn status | Lost status | Source of classification or shelving scheme | Damaged status | Not for loan | Home library | Current library | Date acquired | Total Checkouts | Full call number | Barcode | Date last seen | Price effective from | Koha item type |
|---|---|---|---|---|---|---|---|---|---|---|---|---|---|
| Dewey Decimal Classification | Tribhuvan University Central Library | Tribhuvan University Central Library | 02/07/2011 | 300 Sp33o | 57474 | 02/07/2011 | 02/07/2011 | General Collections |
